Top 10 traurigsten Länder - Statistiken

Allgemein
  • Dieses Quiz wurde 147 mal gespielt
  • Das Durchschnittsergebnis liegt bei 6 aus 10
Antwortstatistiken
GPI Antwort % Korrekt
3356 Syrien
71%
3554 Afghanistan
68%
3157 Irak
68%
3275 Russland
67%
3166 Dem. Rep. Kongo
59%
3007 Sudan
58%
3394 Jemen
51%
3125 Somalia
48%
3184 Südsudan
47%
3021 Zentralafrikanische Republik
32%
Keine übereinstimmenden Quizze gefunden
Verteilung der Resultate
Anzahl Personen mit jedem Resultat
Perzentil nach korrekt beantworteten Fragen
Ihre Resultats-Entwicklung
Sie haben dieses Quiz noch nicht gespielt